Long and short of it (Record no. 118443)
[ view plain ]
| 000 -LEADER | |
|---|---|
| fixed length control field | 00780cam a2200205 4500 |
| 001 - CONTROL NUMBER | |
| control field | ABS68558 |
| 008 - FIXED-LENGTH DATA ELEMENTS--GENERAL INFORMATION | |
| fixed length control field | 041214n2004 000 0 eng u |
| 035 ## - SYSTEM CONTROL NUMBER | |
| System control number | (Sirsi) u128297 |
| 100 ## - MAIN ENTRY--PERSONAL NAME | |
| Personal name | Slessenger, E. |
| 245 ## - TITLE STATEMENT | |
| Title | Long and short of it |
| 260 ## - PUBLICATION, DISTRIBUTION, ETC. | |
| Date of publication, distribution, etc. | 2004 |
| 490 ## - SERIES STATEMENT | |
| Series statement | Estates Gazette |
| Volume/sequential designation | (0448) 27 November 2004, 127(1) |
| 520 ## - SUMMARY, ETC. | |
| Summary, etc. | Looks at the legal and practical consequences of granting underleases for a term equal to the headlease. Underleases for the residue of the term of the headlease will operate as an assignment. The consequent problems and solutions will differ between registered and unregistered headleases. |
| 590 ## - LOCAL NOTE (RLIN) | |
| Local note | ABS |
| 590 ## - LOCAL NOTE (RLIN) | |
| Local note | ABS |
| 650 ## - SUBJECT ADDED ENTRY--TOPICAL TERM | |
| Topical term or geographic name entry element | UNDERLEASES |
| 650 ## - SUBJECT ADDED ENTRY--TOPICAL TERM | |
| Topical term or geographic name entry element | HEADLEASES |
| 690 ## - LOCAL SUBJECT ADDED ENTRY--TOPICAL TERM (OCLC, RLIN) | |
| Topical term or geographic name as entry element | LANDLORD AND TENANT-LEASES |
| 942 ## - ADDED ENTRY ELEMENTS (KOHA) | |
| Suppress in OPAC | 0 |
| Withdrawn status | Lost status | Source of classification or shelving scheme | Damaged status | Not for loan | Home library | Current library | Shelving location | Date acquired | Total Checkouts | Full call number | Barcode | Date last seen | Copy number | Price effective from | Koha item type |
|---|---|---|---|---|---|---|---|---|---|---|---|---|---|---|---|
| Dewey Decimal Classification | London | London | Journal article | 14/12/2004 | ABS68558 | 128297-1001 | 06/08/2019 | 1 | 06/08/2019 | Journal article |